| 000 | 01344nam a2200289 a 4500 | ||
|---|---|---|---|
| 001 | BRCA_2377 | ||
| 005 | 20190320203800.0 | ||
| 008 | 071108s1610----it-#---###---#000-0#spa-u | ||
| 041 | _aspa | ||
| 044 | _ait | ||
| 084 |
_a018 _b.L63 _c1610 |
||
| 100 | 1 |
_aCervantes Saavedra, Miguel de _d1547-1616 _9213 |
|
| 245 | 1 | 0 |
_aEl Ingenioso Hidalgo Don Quixote de la Mancha _ccompuesto por Miguel de Cervantes Saavedra. |
| 260 |
_aMilán _bPedromartir Locarni : Juan Bautista Bidello _c1610 |
||
| 300 |
_axxxi, 722 p. _c16 cm. |
||
| 500 | _aContenido : Aprovación del Fr. Aloys Barriola Agustinianus Consultor Sancti Officij pro Revendis Inquisitore. Dedicatoria de los editores. Prólogo del autor. Texto | ||
| 500 | _aEdición : All´ill. Mo Señor el Conde Vitaliano Vizconde | ||
| 500 | _aPrimera edición impresa en Italia. Sigue el texto de la segunda de Valencia. Eejemplar bien conservado, encuadernado en pergamino Lúdovik Osterc | ||
| 500 | _aEstado físico : Recuperación física en 2008 | ||
| 650 | 1 | 4 |
_aNovela española _yÉpoca clásica, 1500-1700 _9215 |
| 650 | 1 | 4 |
_aLiteratura española _yÉpoca clásica, 1500-1700 _9216 |
| 650 | 1 | 4 |
_aNovela española _ySiglo XVII _9217 |
| 650 | 1 | 4 |
_aDon Quijote (Personaje ficticio) _eNovela _9218 |
| 740 | 0 | _aEl Ingenioso Hidalgo Don Quijote de la Mancha | |
| 902 | _aQFM | ||
| 942 |
_2lcc _cB |
||
| 999 |
_c2118 _d2118 |
||